[Event "Cannes op"]
[Site "Cannes"]
[Date "1998.??.??"]
[Round "6"]
[White "Berthelot, Yannick"]
[Black "Bukal, Vladimir Jr"]
[Result "0-1"]
[WhiteElo "2285"]
[BlackElo "2400"]

1.e4 e6 2.d4 d5 3.Nc3 Bb4 4.e5 Ne7 5.a3 Bxc3+ 6.bxc3 c5 7.Qg4 Kf8 8.a4 b6
9.Nf3 h6 10.Ba3 Qc7 11.Bd3 Ba6 12.O-O Bxd3 13.cxd3 Nd7 14.dxc5 Nxc5 15.c4 Kg8
16.cxd5 Nxd5 17.Rac1 Qd7 18.Bxc5 bxc5 19.Rxc5 g6 20.Rfc1 Kg7 21.h4 Rab8 22.Qd4 Rhd8
23.Ra5 Rb7 24.Rcc5 Rb4 25.Rc4 Rb1+ 26.Kh2 Nb6 27.Qxd7 Rxd7 28.Re4 Rb2 29.Kg3 Ra2
30.Rb4 Nd5 31.Rc4 Ne7 32.Rac5 Nf5+ 33.Kf4 Rxf2 34.Rc7 Rxd3 35.Rxa7 h5 36.a5 Rxg2
37.Rxf7+ Kxf7 38.Ng5+ Ke8  0-1

[Event "Cannes op"]
[Site "Cannes"]
[Date "1998.??.??"]
[Round "7"]
[White "Hamdouchi, Hichem"]
[Black "Lamoureux, Charles"]
[Result "1-0"]
[WhiteElo "2535"]
[BlackElo "2370"]

1.e4 e6 2.d4 d5 3.Nc3 Bb4 4.e5 Ne7 5.Nf3 c5 6.a3 Bxc3+ 7.bxc3 b6 8.a4 Qc7
9.Bb5+ Bd7 10.Bd3 Nbc6 11.O-O h6 12.Ba3 Na5 13.Nd2 O-O 14.dxc5 Qxe5 15.cxb6 Rfe8
16.Re1 Qf6 17.bxa7 Qxc3 18.Re3 Qc7 19.Bb2 Nac6 20.Rg3 e5 21.Qh5 Kf8 22.Nf3 f6
23.Ba3 Kg8 24.Qxh6 Nf5 25.Rxg7+ Nxg7 26.Bh7+ Kf7 27.Ng5+  1-0

[Event "Cannes op"]
[Site "Cannes"]
[Date "1998.??.??"]
[Round "8"]
[White "Bokan, Danko"]
[Black "Huss, Andreas"]
[Result "1/2-1/2"]
[WhiteElo "2380"]
[BlackElo "2330"]

1.e4 e6 2.d4 d5 3.Nc3 Bb4 4.e5 Qd7 5.Qg4 f5 6.Qg3 b6 7.Bd2 Ba6 8.Bxa6 Nxa6
9.Nge2 Kf7 10.h4 Ne7 11.h5 h6 12.Nf4 Bxc3 13.Bxc3 c5 14.O-O-O Rhc8 15.Qe3 Qa4
16.Kb1 Nc7 17.b3 Qc6 18.Ne2 a5 19.Rd2 Nb5 20.Bb2 a4 21.Rh3 axb3 22.cxb3 Na3+
23.Bxa3 Rxa3 24.Rc2 Qb5 25.Qc1  1/2-1/2

[Event "Cannes op"]
[Site "Cannes"]
[Date "1998.??.??"]
[Round "9"]
[White "Macieja, Bartlomiej"]
[Black "Kovacevic, Blazimir"]
[Result "1-0"]
[WhiteElo "2485"]
[BlackElo "2395"]

1.e4 e6 2.d4 d5 3.Nc3 Bb4 4.e5 Ne7 5.a3 Bxc3+ 6.bxc3 b6 7.Qg4 Ng6 8.h4 h5
9.Qd1 Ba6 10.Bxa6 Nxa6 11.Bg5 Qc8 12.Ne2 c5 13.O-O cxd4 14.cxd4 Nb8 15.Ng3 Qc4
16.Nxh5 Rh7 17.c3 Nc6 18.Rc1 Rc8 19.g3 Qa2 20.Nf4 Nxf4 21.Bxf4 Qxa3 22.c4 Qe7
23.cxd5 exd5 24.Rc3 Qe6 25.Qa4 Kf8 26.Rfc1 Ne7 27.Rxc8+ Nxc8 28.Qc2  1-0

[Event "Chemnitz op"]
[Site "Chemnitz"]
[Date "1998.??.??"]
[Round "3"]
[White "Wiegner, Denis"]
[Black "Spiess, Gunter"]
[Result "0-1"]
[WhiteElo "2130"]
[BlackElo "2400"]

1.e4 e6 2.d4 d5 3.Nc3 Bb4 4.e5 b6 5.a3 Bf8 6.Nce2 Ba6 7.f4 h5 8.Nf3 Nh6 9.g3 Qd7
10.Bh3 c5 11.c3 Nc6 12.O-O Ne7 13.Nh4 g6 14.Re1 Nef5 15.Nxf5 Nxf5 16.Bxf5 gxf5
17.Be3 h4 18.b4 cxb4 19.cxb4 Rc8 20.Rc1 Bc4 21.Bf2 a5 22.Rb1 axb4 23.axb4 Rg8
24.Kh1 Ra8 25.Ra1 Rc8 26.Rb1 Bb5 27.Qd2 Rc4 28.gxh4 Rc8 29.Ng3 Be7 30.Rg1 Ba4
31.Rgc1 Rc4 32.Nf1 Qc6 33.Ne3 Bxb4 34.Rxc4 dxc4+ 35.d5 Bxd2  0-1

[Event "Chemnitz op"]
[Site "Chemnitz"]
[Date "1998.??.??"]
[Round "5"]
[White "Lanka, Zigurds"]
[Black "Mchedlishvili, Mikheil"]
[Result "1/2-1/2"]
[WhiteElo "2525"]
[BlackElo "2365"]

1.e4 e6 2.d4 d5 3.Nc3 Bb4 4.e5 b6 5.a3 Bf8 6.Nf3 Ne7 7.h4 Qd7 8.h5 h6 9.Bb5 c6
10.Ba4 Ba6 11.Ne2 Bb5 12.Bxb5 cxb5 13.Ng3 Na6 14.O-O Nc7 15.Qd3 Nc6 16.Nh2 O-O-O
17.Ne2 Kb7 18.Bf4 Be7 19.Rae1 Rdg8 20.c3 a6 21.Qh3 Ne8 22.Bc1 Bd8 23.Qd3 Ne7
24.Ng3 g6 25.b3 Nf5 26.hxg6 fxg6 27.Bd2 h5 28.Kh1 h4 29.Nxf5 gxf5 30.Re3 Qg7
31.Rg1 Rh6 32.g4 Rg6 33.f3 Rf8 34.Re2 Qe7 35.a4 bxa4 36.Ra1 Qd7 37.Rxa4 Nc7
38.Ra1 Rgg8 39.Rg2 fxg4 40.Rxg4 Rh8 41.Rag1 Rf7 42.Bg5 Bxg5 43.Rxg5 Rhf8
44.Rg6 Rf4 45.Rh6 R8f5 46.Rg4 Qe7 47.Kg2 Rf7 48.Qd2 R4f5 49.Rgxh4 Qa3 50.Qc2 Qa1
51.Rg4 Qe1 52.c4 Qe3 53.Rh3 Rf4 54.Qd1 dxc4 55.bxc4 Rd7 56.Nf1 Qxd4 57.Qxd4 Rfxd4
58.Rhh4 Rd1 59.Ng3 R1d2+ 60.Kh3 R2d3 61.Rf4 a5 62.Ne4 a4 63.Kg3 a3 64.Rh2 Rg7+
65.Rg4 Rxg4+ 66.Kxg4 Na6 67.Rh7+ Nc7 68.Rh2 Kc6 69.f4 Rb3 70.f5 Rb2 71.Rxb2 axb2
72.Nc3 exf5+  1/2-1/2

[Event "POL-ch sf"]
[Site "Czestochowa"]
[Date "1998.??.??"]
[Round "3"]
[White "Jakubowski, Maciej"]
[Black "Socko, Bartosz"]
[Result "1/2-1/2"]
[WhiteElo "2335"]
[BlackElo "2475"]

1.e4 e6 2.d4 d5 3.Nc3 Bb4 4.e5 Ne7 5.a3 Bxc3+ 6.bxc3 c5 7.Qg4 Kf8 8.a4 Qc7
9.Nf3 cxd4 10.Qxd4 Nbc6 11.Qc5 f6 12.Bf4 Qa5 13.Qa3 Kf7 14.Bd3 Ng6 15.Bxg6+ hxg6
16.O-O Qd8 17.c4 g5 18.Bg3 f5 19.cxd5 exd5 20.Rad1 Be6 21.h4 gxh4 22.Bf4 Rh5
23.Qe3 Qe8 24.Ng5+ Kg6 25.Nh3 Rh8 26.Rfe1 Rc8 27.Bg5 Kf7 28.Qf4 Ne7 29.Bxe7 Qxe7
30.Rd4 Rxc2 31.Red1 Rc5 32.Ng5+ Ke8 33.Nf3 Rh5 34.R4d2 g5 35.Qb4 h3 36.Nd4 b6
37.g3 h2+ 38.Kh1 f4 39.a5 bxa5 40.Qb8+ Kf7 41.Nxe6 Kxe6 42.Rxd5 Rxd5 43.Qg8+ Qf7
44.Qxf7+ Kxf7 45.Rxd5 Ke6 46.Rxa5 Rh7 47.gxf4 gxf4 48.f3 Kf5 49.Rb5 Rh3 50.Ra5 Rh7
51.Rb5 Rh3 52.Ra5 Rxf3 53.Kxh2 Rg3 54.e6+ Kxe6 55.Rxa7 Kf5 56.Ra5+ Kg4 57.Ra4 Rb3
58.Ra2 Kf3 59.Ra8 Kf2 60.Ra2+ Kf3 61.Ra8 Rb2+ 62.Kh3 Kf2 63.Ra1 f3 64.Kh2 Rd2
65.Kh3 Ke3 66.Kg3 Rg2+ 67.Kh3 Re2 68.Kg3 Rg2+ 69.Kh3 Rd2 70.Kg3 f2 71.Kg2 Ke2
72.Rf1 Ke3 73.Ra1 Rb2 74.Rf1 Ra2 75.Rb1  1/2-1/2

[Event "Dieren op"]
[Site "Dieren"]
[Date "1998.??.??"]
[Round "2"]
[White "Van den Doel, Erik"]
[Black "De Jong, Migchiel"]
[Result "1-0"]
[WhiteElo "2485"]
[BlackElo "2310"]

1.e4 e6 2.d4 d5 3.Nc3 Bb4 4.e5 Ne7 5.a3 Bxc3+ 6.bxc3 b6 7.Qg4 Ng6 8.h4 h5
9.Qf3 Ba6 10.Bxa6 Nxa6 11.Bg5 Qc8 12.Ne2 c5 13.O-O cxd4 14.cxd4 Qxc2 15.Ng3 O-O
16.Qxh5 Rfc8 17.Rfc1 Qa4 18.Qe2 Nc7 19.h5 Nf8 20.Rxc7 Rxc7 21.Qg4 f5 22.exf6 gxf6
23.Bxf6+ Kh7 24.Be5 Rf7 25.Ne4 dxe4 26.Qxe4+ Kh6 27.Qxa8 Qc2 28.Rf1 Kxh5
29.f4 Qd3 30.Rf3 Qb1+ 31.Kh2 Kg6 32.Rg3+ Kh7 33.Qd8  1-0

[Event "BCF-chT2 97/98"]
[Site "GBR"]
[Date "1998.??.??"]
[Round "5"]
[White "Alfred, Nathan"]
[Black "Long, Matthew"]
[Result "1-0"]
[WhiteElo "2225"]
[BlackElo "2180"]

1.e4 e6 2.d4 d5 3.Nc3 Bb4 4.e5 Qd7 5.Qg4 f5 6.Qg3 b6 7.Ne2 Ba6 8.Bd2 Nc6
9.O-O-O O-O-O 10.a3 Bf8 11.h4 Kb8 12.Bg5 Rc8 13.Kb1 Na5 14.Nc1 Bxf1 15.Rhxf1 c5
16.dxc5 bxc5 17.Nxd5 Qb7 18.Nc3 Nc4 19.Na4 Ka8 20.Ka2 h6 21.Bf4 Ne7 22.b3 g5
23.hxg5 hxg5 24.Bxg5 Qa6 25.Qd3  1-0

[Event "Asia-ch (Women)"]
[Site "Genting Highlands"]
[Date "1998.??.??"]
[Round "?"]
[White "Xu Yuhua"]
[Black "Mamedova, Rena"]
[Result "1/2-1/2"]
[WhiteElo "2380"]
[BlackElo "2185"]

1.e4 e6 2.d4 d5 3.Nc3 Bb4 4.e5 Ne7 5.a3 Bxc3+ 6.bxc3 b6 7.a4 Ba6 8.Bxa6 Nxa6
9.Qd3 Nb8 10.Ne2 Nbc6 11.O-O Qd7 12.Ng3 h5 13.Qf3 g6 14.Bg5 O-O-O 15.Ne2 Rdf8
16.c4 Nf5 17.Qd3 Na5 18.cxd5 Qxd5 19.Rfd1 Kb8 20.Rab1 Rc8 21.Nf4 Qc4 22.d5 exd5
23.Qxd5 Qxd5 24.Rxd5 Nc4 25.Bf6 Rhe8 26.Rd7 Nxe5 27.Bxe5 Rxe5 28.Rxf7 Rce8
29.g3 Nd6 30.Rg7 Re1+ 31.Rxe1 Rxe1+ 32.Kg2 a5 33.Nd5 b5 34.Rxc7 bxa4 35.Rc5 Nb7
36.Rc4 Rc1 37.Ne7 Ka7 38.Rxa4 Rxc2 39.Nxg6 Kb6 40.Ne5 Kb5 41.Ra1 Nc5 42.Rb1+ Ka6
43.Nc6 Nd3 44.Nxa5 Rxf2+ 45.Kg1 Kxa5 46.Rf1 Rxf1+ 47.Kxf1 Ne5 48.Ke2 Kb5
49.Ke3  1/2-1/2

[Event "Oberliga Ost B9899"]
[Site "GER"]
[Date "1998.??.??"]
[Round "?"]
[White "Haensel, Thomas"]
[Black "Stimpel, Franz"]
[Result "1-0"]
[WhiteElo "2190"]
[BlackElo "2215"]

1.e4 e6 2.d4 d5 3.Nc3 Bb4 4.e5 b6 5.a3 Bf8 6.Bb5+ c6 7.Ba4 Ne7 8.Nce2 b5
9.Bb3 Nd7 10.Nf3 c5 11.c3 Nc6 12.O-O Be7 13.Bc2 Bb7 14.Nf4 g6 15.g3 Qb6 16.h4 a5
17.Ng2 Ba6 18.Re1 b4 19.Bg5 bxc3 20.bxc3 Qc7 21.Ne3 Rc8 22.Bxe7 Nxe7 23.Ba4 h5
24.Rb1 Nc6 25.Nxd5 exd5 26.e6 O-O 27.exd7 Rcd8 28.dxc5 Bc4 29.Nd4 Nb8 30.c6 Ba6
31.Qf3 Qd6 32.Qf4  1-0

[Event "Oberliga Nord O9899"]
[Site "GER"]
[Date "1998.??.??"]
[Round "?"]
[White "Fuchs, Reinhart"]
[Black "Berthold, Andreas"]
[Result "1-0"]
[WhiteElo "2400"]
[BlackElo "2205"]

1.e4 e6 2.d4 d5 3.Nc3 Bb4 4.e5 Ne7 5.Nf3 c5 6.dxc5 Bxc3+ 7.bxc3 Qa5 8.Rb1 a6
9.Bd3 Nd7 10.O-O Nxc5 11.Re1 Bd7 12.Be3 Nxd3 13.cxd3 b5 14.Bc5 Rc8 15.Bb4 Qc7
16.Qd2 a5 17.Bxe7 Kxe7 18.Qg5+ Kf8 19.Rec1 h6 20.Qe3 Ke7 21.Nd4 Rb8 22.Nb3 Rhc8
23.d4 Qa7 24.Nc5 b4 25.Qd2 bxc3 26.Qxc3 Rxb1 27.Rxb1 Rb8 28.Rb2 Rb5 29.Rxb5 Bxb5
30.a3 Qb6 31.Qb3 Qc6 32.a4  1-0

[Event "Oberliga Ost B9899"]
[Site "GER"]
[Date "1998.??.??"]
[Round "?"]
[White "Gnauk, Reinhard"]
[Black "Stimpel, Franz"]
[Result "1/2-1/2"]
[WhiteElo "2210"]
[BlackElo "2215"]

1.e4 e6 2.d4 d5 3.Nc3 Bb4 4.e5 b6 5.Bd2 Ba6 6.Bxa6 Nxa6 7.Qe2 Qc8 8.Qg4 Bf8
9.Nge2 Ne7 10.Ng3 Nb4 11.O-O Nbc6 12.Rad1 Qd7 13.Bg5 h6 14.Bxe7 Qxe7 15.Qe2 g6
16.Qa6 Qd7 17.Nb5 Nd8 18.c4 c6 19.Nc3 Be7 20.cxd5 cxd5 21.Qb5 Nc6 22.Nge2 O-O
23.Qd3 Kg7 24.f4 h5 25.f5 exf5 26.Kh1 Bg5 27.Qg3 Bh6 28.Qf3 Rad8 29.Qh3 Qe6
30.Rd3 Kh7 31.g3 Nb4 32.Rdd1 Nc2 33.Nf4 Bxf4 34.gxf4 Nb4 35.Rg1  1/2-1/2

[Event "NRW-Liga II 9899"]
[Site "GER"]
[Date "1998.??.??"]
[Round "1"]
[White "Weyrauch, Erich"]
[Black "Seedorf, Sven"]
[Result "1-0"]
[WhiteElo "2245"]
[BlackElo "2190"]

1.e4 e6 2.d4 d5 3.Nc3 Bb4 4.e5 b6 5.Qg4 Bf8 6.Bg5 Qd7 7.f4 Ba6 8.Bxa6 Nxa6
9.Qe2 Nb8 10.Nf3 h6 11.Bh4 h5 12.Nd1 Nh6 13.Ne3 Nc6 14.c3 Be7 15.O-O Bxh4
16.Nxh4 g6 17.b4 Ne7 18.Nf3 Qa4 19.Qc2 Qxc2 20.Nxc2 Nhf5 21.g3 O-O 22.Kf2 c5
23.dxc5 bxc5 24.b5 Rfb8 25.Rfb1 a6 26.a4 axb5 27.Rxb5 Rxb5 28.axb5 Rb8 29.Ra5 Nc8
30.Na3 Nb6 31.Ra7 Ra8 32.Rxa8+ Nxa8 33.h3 Nb6 34.g4 hxg4 35.hxg4 Nh6 36.Kg3 Kf8
37.Nd2 c4 38.Nf3 Ke7 39.Nd4 Na4 40.Nb1 Kd7 41.Kh4 Nc5 42.Kg5 Ng8 43.Nd2 Na4
44.Ne2 Nc5 45.f5 gxf5 46.gxf5 exf5 47.Kxf5 Nh6+ 48.Kg5 Ng8 49.Nf4 Ne6+ 50.Nxe6 Kxe6
51.Nf3 Ne7 52.b6 Nc6 53.b7 Nb8 54.Kf4 Kd7 55.Kf5 Ke7 56.Nd4 Kd8 57.Kf6 Nd7+
58.Kxf7 Nxe5+ 59.Ke6 Nd7 60.Kd6  1-0

[Event "NRW-Liga I 9899"]
[Site "GER"]
[Date "1998.??.??"]
[Round "2"]
[White "Klovans, Janis"]
[Black "Borngaesser, Rene"]
[Result "1-0"]
[WhiteElo "2460"]
[BlackElo "2350"]

1.e4 e6 2.d4 d5 3.Nc3 Bb4 4.e5 Qd7 5.a3 Bf8 6.Nf3 Ne7 7.Bd3 b6 8.b4 c5 9.O-O Nec6
10.dxc5 bxc5 11.b5 Na5 12.Bd2 Qc7 13.Re1 h6 14.Nxd5 exd5 15.e6 Nc4 16.Bxc4 dxc4
17.Ba5 Qxa5 18.exf7+ Kxf7 19.Ne5+ Kg8 20.Qd5+ Kh7 21.Qe4+ Kg8 22.Qxc4+ Kh7
23.Qe4+ Kg8 24.Qxa8 Qb6 25.Rad1 Kh7 26.Nc4 Qc7 27.Re8 g6 28.Rdd8 Bg7 29.Rxc8 Qd7
30.Rxh8+  1-0

[Event "Oberliga Nord W9798"]
[Site "Germany"]
[Date "1998.??.??"]
[Round "?.3"]
[White "Heinemann, Dieter"]
[Black "Olzem, Lothar"]
[Result "1-0"]
[WhiteElo "2290"]
[BlackElo "2225"]

1.e4 e6 2.d4 d5 3.Nc3 Bb4 4.e5 Ne7 5.Nf3 c5 6.a3 Ba5 7.Bd2 cxd4 8.Nb5 O-O
9.Nbxd4 Nbc6 10.Bd3 Bc7 11.Qe2 Ng6 12.Nxc6 bxc6 13.h4 f6 14.Bxg6 hxg6 15.h5 gxh5
16.Rxh5 Qe8 17.Rh3 Qg6 18.O-O-O Qe4 19.Qf1 Bxe5 20.Re1 Qf5 21.Nxe5 fxe5 22.Qh1 e4
23.Bb4 Rf6 24.Be7 Rh6 25.Rxh6 Qf4+ 26.Kb1 Qxh6 27.Qf1 a5 28.f3 Ra7 29.Bc5 Rf7
30.Qe2 exf3 31.gxf3 Qf4 32.Rh1 e5 33.Bd6 Rf5 34.Qe1 Be6 35.Qxa5 Qg5 36.Qa8+ Kf7
37.Qa7+ Kg8 38.Rg1 Qh6 39.Bxe5 Rg5 40.Rc1 Kh7 41.Bf4 d4 42.Qe7  1-0

[Event "BL2-S9798"]
[Site "Germany"]
[Date "1998.??.??"]
[Round "?.4"]
[White "Schmidt Schaeffer, Sebastian"]
[Black "Riedel, Wolfgang"]
[Result "1-0"]
[WhiteElo "2365"]
[BlackElo "2355"]

1.e4 e6 2.d4 d5 3.Nc3 Bb4 4.e5 Ne7 5.a3 Bxc3+ 6.bxc3 c5 7.Qg4 Nbc6 8.Qxg7 Rg8
9.Qxh7 cxd4 10.cxd4 Qc7 11.Qd3 Nxe5 12.Qb3 N5c6 13.Nf3 Bd7 14.g3 f6 15.Bd2 e5
16.c4 Nxd4 17.Nxd4 exd4 18.Bf4 Qa5+ 19.Qb4 Qxb4+ 20.axb4 Nc6 21.b5 Ne5 22.cxd5 Ke7
23.O-O-O Rgc8+ 24.Kb2 Bf5 25.Rxd4 Rc2+ 26.Kb3 Rxf2 27.Bd2 Rc8 28.Bb4+ Kd7
29.Rf4 Rcc2 30.Rxf5 Rb2+ 31.Ka4  1-0

[Event "BL2-S9798"]
[Site "Germany"]
[Date "1998.??.??"]
[Round "?.3"]
[White "Schoellmann, Jochen"]
[Black "Dittmar, Peter"]
[Result "0-1"]
[WhiteElo "2370"]
[BlackElo "2325"]

1.e4 e6 2.d4 d5 3.Nc3 Bb4 4.e5 Ne7 5.a3 Bxc3+ 6.bxc3 b6 7.Qg4 Ng6 8.h4 h5
9.Qd1 Ba6 10.Bxa6 Nxa6 11.Bg5 f6 12.Qd3 Kf7 13.Rh3 Nb8 14.Rf3 Nd7 15.Nh3 Ndxe5
16.dxe5 Nxe5 17.Qe2 Nxf3+ 18.Qxf3 Qd6 19.Kf1 Rad8 20.Re1 e5 21.Bc1 Kg8 22.Ng1 Qd7
23.Qe3 Qa4 24.Qd3 Qxh4 25.Qa6 Qc4+ 26.Qxc4 dxc4 27.f4 exf4 28.Bxf4 Rd7 29.Re4 g5
30.Be3 Kf7 31.Rxc4 Re8 32.Kf2 Rde7 33.Bd2 c5 34.Nf3  0-1

[Event "BL2-S9798"]
[Site "Germany"]
[Date "1998.??.??"]
[Round "?.6"]
[White "Grund, Holger"]
[Black "Osorios Ortiz, Marcos"]
[Result "1-0"]
[WhiteElo "2325"]
[BlackElo "2265"]

1.e4 e6 2.d4 d5 3.Nc3 Bb4 4.e5 Ne7 5.a3 Bxc3+ 6.bxc3 c5 7.a4 Qa5 8.Qd2 Nbc6
9.Nf3 Bd7 10.Bd3 c4 11.Be2 O-O-O 12.O-O Kb8 13.Ba3 Rdf8 14.Rfb1 Ka8 15.Qc1 f6
16.Rb5 Qd8 17.Qb2 Bc8 18.Bd6 Rf7 19.a5 Nf5 20.Bc5 Rd7 21.Qa3 Nb8 22.g4 Ne7
23.Nd2 Na6 24.Bd6 Ng6 25.Nf1 fxe5 26.dxe5 Nf4 27.Bf3 h5 28.gxh5 Qh4 29.Ng3 Rf7
30.Rf1 g6 31.Qc1 gxh5 32.Qd2 Nh3+ 33.Kg2 Ng5 34.Be2 Qh3+ 35.Kh1 Rg7 36.Qf4 Ne4
37.Rg1 Rhg8 38.Bf1 Qf5 39.Qxf5 exf5 40.Rg2 Nd2 41.Nxh5 Rxg2 42.Bxg2 Ne4 43.Nf6 Nxf2+
44.Kg1 Nh3+ 45.Kf1 Rh8 46.Nxd5 Ng5 47.Ne7 Ne4 48.Nxc8 Rxc8 49.Bxe4 fxe4 50.e6 b6
51.axb6 axb6 52.e7 Nc5 53.Bxc5 bxc5 54.Rxc5 Re8 55.Re5 Kb7 56.Ke2  1-0

[Event "Oberliga Ost B9798"]
[Site "Germany"]
[Date "1998.??.??"]
[Round "?.6"]
[White "Paehtz, Thomas Jr"]
[Black "Schultz, Andreas"]
[Result "1-0"]
[WhiteElo "2135"]
[BlackElo "2130"]

1.Nc3 d5 2.e4 e6 3.d4 Bb4 4.e5 Ne7 5.a3 Bxc3+ 6.bxc3 c5 7.Qg4 O-O 8.Bd3 f5
9.exf6 Rxf6 10.Bg5 Rf7 11.Qh5 g6 12.Qd1 Qa5 13.Qd2 Nbc6 14.Nf3 Bd7 15.O-O Rxf3
16.gxf3 cxd4 17.Bxe7 Nxe7 18.Qg5 Nc6 19.Bxg6 Qd8 20.Bxh7+ Kxh7 21.Qh5+ Kg7
22.Kh1 Qh8 23.Rg1+ Kf6 24.Rg6+ Ke7 25.Qg5+ Kd6 26.Re1 Rf8 27.Qg3+ Kc5 28.Rg7 Bc8
29.cxd4+ Nxd4 30.c4 e5 31.Qxe5 Rd8 32.cxd5 Bf5 33.Qc7+  1-0

[Event "Oberliga Ost A9798"]
[Site "Germany"]
[Date "1998.??.??"]
[Round "?.1"]
[White "Birke, Andreas"]
[Black "Spiess, Gunter"]
[Result "0-1"]
[WhiteElo "2215"]
[BlackElo "2400"]

1.e4 e6 2.d4 d5 3.Nc3 Bb4 4.e5 b6 5.a3 Bf8 6.h4 Ne7 7.h5 h6 8.g4 c5 9.Nb5 Nec6
10.Nf3 a6 11.Nc3 cxd4 12.Ne2 Qc7 13.Bf4 Nd7 14.Qd2 Ndxe5 15.Nxe5 Nxe5 16.O-O-O Bd6
17.Bxe5 Bxe5 18.f4 Bd6 19.Qxd4 f6 20.Bg2 O-O 21.f5 Rd8 22.Kb1 Kh8 23.Rhf1 Be5
24.Qd3 exf5 25.gxf5 Bb7 26.Nd4 Bxd4 27.Qxd4 Rac8 28.Rd2 Re8 29.Bxd5 Rcd8
30.c4 Re5 31.Qg4 Bxd5 32.cxd5 Rexd5 33.Rxd5 Rxd5 34.Re1 Qd7 35.Rf1 Rd2 36.Rg1 Rf2
37.Ka1 Rc2 38.Re1 Rf2 39.Rg1 Rc2 40.Qe4 Qc6 41.Qe3 Qb5 42.Qd4 Qc5 43.Qd1 b5
44.Qe1 Qe5 45.Qb4 Qc5 46.Qe1 Qe5 47.Qb4 Kh7 48.Rf1 Rh2  0-1

[Event "Oberliga Nord W9798"]
[Site "Germany"]
[Date "1998.??.??"]
[Round "?"]
[White "Joachim, Sven"]
[Black "Behrens, Harald"]
[Result "1-0"]
[WhiteElo "2420"]
[BlackElo "2280"]

1.e4 e6 2.d4 d5 3.Nc3 Bb4 4.e5 Qd7 5.a3 Bxc3+ 6.bxc3 b6 7.Qg4 f5 8.Qg3 Ba6
9.Bxa6 Nxa6 10.Ne2 Nb8 11.Nf4 Nc6 12.Nxe6 Qxe6 13.Qxg7 O-O-O 14.Qxh8 Qg6
15.Bd2 f4 16.O-O-O Na5 17.c4 Nxc4 18.Bxf4 Re8 19.Rd3 Qxg2 20.Rhd1 Qxf2 21.Bd2 Qxh2
22.Qg7 Qh5 23.Qg2 Qf7 24.Rf1 Qd7 25.Qh3 Ne7 26.Qxd7+ Kxd7 27.Bg5 Nc6 28.c3 Nxa3
29.Rf7+ Kc8 30.Rdf3 Nb5 31.Rf8 Rxf8 32.Rxf8+ Kd7 33.Kc2 a5 34.Rf7+  1-0

[Event "Oberliga Ost B9798"]
[Site "Germany"]
[Date "1998.??.??"]
[Round "?.2"]
[White "Paehtz, Thomas Sr"]
[Black "Petrosian, Suren"]
[Result "1/2-1/2"]
[WhiteElo "2480"]
[BlackElo "2255"]

1.e4 e6 2.d4 d5 3.Nc3 Bb4 4.e5 Qd7 5.Qg4 f5 6.Qh5+ Qf7 7.Qf3 Nc6 8.Bb5 Bd7
9.Bxc6 Bxc6 10.a3 Bf8 11.h4 Ne7 12.Nh3 Nc8  1/2-1/2

[Event "BL2-N9798"]
[Site "Germany"]
[Date "1998.??.??"]
[Round "4.3"]
[White "Fuchs, Reinhart"]
[Black "Blauert, Joerg"]
[Result "1/2-1/2"]
[WhiteElo "2420"]
[BlackElo "2385"]

1.e4 e6 2.d4 d5 3.Nc3 Bb4 4.e5 Ne7 5.Bd2 c5 6.Nb5 Bxd2+ 7.Qxd2 O-O 8.c3 Nbc6
9.Nf3 a6 10.Nd6 cxd4 11.cxd4 f6 12.exf6 Rxf6 13.Nxc8 Rxc8 14.Be2 Qd6 15.O-O Rcf8
16.Rac1 Ng6 17.Rc3 Rf4 18.g3 R4f6 19.Kg2 Nge7 20.Bd1 Nf5 21.Bc2  1/2-1/2

[Event "BL2-O9798"]
[Site "Germany"]
[Date "1998.??.??"]
[Round "4.1"]
[White "Gdanski, Jacek"]
[Black "Mischustov, Michael"]
[Result "0-1"]
[WhiteElo "2505"]
[BlackElo "2395"]

1.e4 e6 2.d4 d5 3.Nc3 Bb4 4.e5 Qd7 5.Qg4 Bf8 6.Bb5 c6 7.Ba4 a5 8.Bb3 f5 9.Qg3 Bb4
10.a3 Bxc3+ 11.Qxc3 a4 12.Ba2 Ne7 13.Ne2 b6 14.Nf4 Ba6 15.Qg3 Kf7 16.Be3 Bc4
17.b3 Bb5 18.b4 Na6 19.h4 Bc4 20.c3 Rhg8 21.h5 h6 22.Bb1 Ke8 23.Qh4 Kd8 24.g4 Kc7
25.gxf5 exf5 26.Rg1 Raf8 27.Kd2 Kb7 28.Bc2 b5 29.Rg2 Nc7 30.Rag1 Rf7 31.Ng6 Nxg6
32.Rxg6 Re8 33.f4 Ne6 34.Bf2 Qe7 35.Qh2 Nf8 36.Bh4 Qc7 37.Rd6 Ne6 38.Bf2 Ree7
39.Be3 Re8 40.Qh3 Nf8 41.Bxf5 Rd8 42.Rxd8 Qxd8 43.Bb1 Re7 44.f5 Nd7 45.Rg6 Bb3
46.Bf2 Qe8 47.Bh4 Nxe5 48.dxe5 Rxe5 49.Bd3 Bc4 50.Re6 Rxe6 51.fxe6 Bxd3 52.Kxd3 Qxh5
53.Kd2 g5 54.e7 Qe8 55.Bf2 Qxe7 56.Qxh6 Qf7 57.Bd4 Qf5 58.Qg7+ Kc8  0-1

[Event "BL2-N9798"]
[Site "Germany"]
[Date "1998.??.??"]
[Round "5.4"]
[White "Trisic, Alexandar"]
[Black "Blauert, Joerg"]
[Result "1/2-1/2"]
[WhiteElo "2330"]
[BlackElo "2385"]

1.e4 e6 2.d4 d5 3.Nc3 Bb4 4.e5 Ne7 5.a3 Bxc3+ 6.bxc3 c5 7.Nf3 Qa5 8.Bd2 Nbc6
9.Bd3 cxd4 10.cxd4 Qa4 11.Rb1 Nxd4 12.Rb4 Nxf3+ 13.Qxf3 Qd7 14.Qg3 O-O 15.Rh4 Nf5
16.Bxf5 exf5 17.Bg5 f4 18.Rxf4 Kh8 19.O-O Qc7 20.Rc1 Be6 21.Rh4 Bf5 22.c4 Rac8
23.Qf4 Qd7 24.c5 Rc6 25.Qd2 Rfc8 26.Be3 b6 27.Rd1 bxc5 28.Qxd5 Qxd5 29.Rxd5 c4
30.Rhd4 h6 31.g4 Be6 32.Rd8+ Rxd8 33.Rxd8+ Kh7 34.Bxa7 Bxg4 35.Rd6 Rc7 36.Bb6 Rb7
37.a4 c3 38.Kg2 c2 39.Be3 Bf5 40.Kg3 Rb4 41.a5 Be4 42.Rd7 Rc4 43.Bc1 Ra4
44.Rxf7 Rxa5 45.Kf4 Bg6 46.Rc7 Ra4+ 47.Kg3 Ra1 48.Be3 Ra4 49.e6 Re4 50.e7 Re6
51.Bd4 c1=Q 52.Rxc1 Rxe7 53.f4 Bf5 54.Be5 Rd7 55.Rc7 Rd3+ 56.Kf2 Rd7  1/2-1/2

[Event "BL2-O9798"]
[Site "Germany"]
[Date "1998.??.??"]
[Round "9.1"]
[White "Heinatz, Thomas"]
[Black "Gdanski, Jacek"]
[Result "0-1"]
[WhiteElo "2330"]
[BlackElo "2505"]

1.e4 e6 2.d4 d5 3.Nc3 Bb4 4.e5 Ne7 5.a3 Bxc3+ 6.bxc3 c5 7.a4 Qa5 8.Bd2 Nbc6
9.Nf3 Bd7 10.Bb5 Qc7 11.O-O Na5 12.Qe2 b6 13.Rfb1 Rc8 14.dxc5 bxc5 15.Bxd7+ Qxd7
16.Rb5 Nc4 17.Be3 Nxe3 18.Qxe3 O-O 19.h3 h6 20.Rab1 a6 21.Ra5 Rc6 22.Qe2 Ra8
23.c4 Qc7 24.cxd5 Nxd5 25.Qd2 Nb4 26.Rxc5 Rxc5 27.Rxb4 Rxc2 28.Qd4 Rc1+ 29.Kh2 Qc6  0-1

[Event "Haarlem AKN op"]
[Site "Haarlem"]
[Date "1998.??.??"]
[Round "3"]
[White "Solleveld, Maarten"]
[Black "Barsov, Alexei"]
[Result "1/2-1/2"]
[WhiteElo "2225"]
[BlackElo "2465"]

1.e4 e6 2.d4 d5 3.Nc3 Bb4 4.e5 b6 5.a3 Bxc3+ 6.bxc3 Ne7 7.Qg4 Ng6 8.Bg5 Qd7
9.h4 h6 10.Bd2 h5 11.Qf3 Ba6 12.g4 hxg4 13.Qxg4 Bxf1 14.Kxf1 Qa4 15.Rc1 Nd7
16.Qg5 Qxa3 17.h5 Qf8 18.Ne2 Ne7 19.Ng3 O-O-O 20.Ke2 f6 21.exf6 gxf6 22.Qe3 e5
23.Ra1 Nc6 24.Kd1 Kb7 25.Nf5 Na5 26.Qh3 Nb8 27.Rg1 Rd7 28.h6 Nc4 29.Rg6 Qf7
30.Qg4 Qe6 31.Be3 Nc6 32.Ke2 exd4 33.cxd4 N6e5 34.dxe5 Nxe5 35.Qa4 Qxf5 36.Qxa7+ Kc6
37.Qa4+ Kd6 38.Rg3 Qh5+ 39.Kf1 Qh1+ 40.Ke2 Qh5+ 41.Kf1 Ke6 42.Kg2 Qf5 43.Re1 Qe4+
44.Qxe4 dxe4 45.Bc1 f5 46.f3 Rf7 47.Bf4 Kd5 48.Rd1+ Ke6 49.Re1 Kd5 50.Rd1+  1/2-1/2

[Event "Hamburg-ch U20"]
[Site "Hamburg"]
[Date "1998.??.??"]
[Round "5"]
[White "Mai, Philipp"]
[Black "Hankel, Dennis"]
[Result "1-0"]
[WhiteElo "2240"]
[BlackElo "2195"]

1.e4 e6 2.d4 d5 3.Nc3 Bb4 4.e5 Qd7 5.Qg4 f5 6.Qg3 b6 7.Ne2 Ba6 8.Be3 Nc6
9.O-O-O Na5 10.Kb1 O-O-O 11.Bc1 Nh6 12.Bxh6 gxh6 13.Nf4 Bxf1 14.Rhxf1 Rhg8
15.Qd3 Kb8 16.b3 Be7 17.g3 Bg5 18.Nce2 Nc6 19.h4 Be7 20.Kb2 Rc8 21.c4 Nb4
22.Qc3 c6 23.a3 Na6 24.Rc1 Nc7 25.Rfd1 Kb7 26.Qe3 Qe8 27.Nd3 Bf8 28.c5 b5
29.a4 h5 30.Ra1 Rg6 31.Qd2 Bh6 32.Qa5 Ra8 33.Nc3 a6 34.Nb4  1-0

[Event "Helsinki-ch"]
[Site "Helsinki"]
[Date "1998.??.??"]
[Round "8"]
[White "Keskisarja, Teemu"]
[Black "Kokkila, Tero"]
[Result "0-1"]
[WhiteElo "2290"]
[BlackElo "2270"]

1.e4 e6 2.d4 d5 3.Nc3 Bb4 4.e5 Qd7 5.a3 Bxc3+ 6.bxc3 b6 7.Nh3 Ba6 8.Bxa6 Nxa6
9.Qg4 f5 10.Qh5+ g6 11.Qe2 Nb8 12.Nf4 Nc6 13.O-O Na5 14.Rb1 Ne7 15.Nd3 h6
16.g4 g5 17.f4 gxf4 18.Nxf4 Nc4 19.gxf5 Nxf5 20.Qh5+ Qf7 21.Qxf7+ Kxf7 22.Nxd5 exd5
23.Rxf5+ Ke7 24.a4 Rag8+ 25.Kh1 Rg6 26.Bf4 Ke6 27.Rh5 a5 28.Rg1 Rxg1+ 29.Kxg1 b5
30.axb5 a4 31.Rh3 a3 32.Rf3 a2 33.Rf1 Rf8 34.Ra1 Rxf4 35.Rxa2 Rf3 36.Ra7 Kd7
37.e6+ Kxe6 38.Rxc7 Rxc3 39.b6 Rxc2 40.b7 Rb2 41.Rh7 Kf5 42.Re7 Kf4 43.Kf1 Nd2+
44.Ke2 Ne4+ 45.Kd1 Ke3 46.Kc1  0-1

[Event "Hollabrunn op"]
[Site "Hollabrunn"]
[Date "1998.??.??"]
[Round "2"]
[White "Mittelberger, Peter"]
[Black "Koutsin, Sergey"]
[Result "0-1"]
[WhiteElo "2220"]
[BlackElo "2400"]

1.e4 e6 2.d4 d5 3.Nc3 Bb4 4.e5 b6 5.a3 Bf8 6.f4 Ne7 7.Nf3 Ba6 8.Bxa6 Nxa6
9.Qd3 Nb8 10.Be3 h5 11.Bf2 Nf5 12.Nd1 c5 13.Ne3 Nxd4 14.Nxd4 cxd4 15.Qxd4 Nc6
16.Qd3 g5 17.g3 Bh6 18.Ng2 Qc7 19.O-O O-O-O 20.c4 gxf4 21.gxf4 dxc4 22.Qxc4 Nd4
23.Rac1 Nf3+ 24.Kh1 Qxc4 25.Rxc4+ Kb7 26.Rfc1 Rd2 27.Bg3 Rhd8 28.Rf1 R8d3
29.f5 Rd1 30.Ne1 Nxe1 31.fxe6 fxe6 32.Bxe1 Re3 33.Rf7+ Kb8  0-1

[Event "HUN-chT29899"]
[Site "HUN"]
[Date "1998.??.??"]
[Round "?"]
[White "Tatar Kis, Szabolcs"]
[Black "Gyarmati, Peter"]
[Result "1-0"]
[WhiteElo "2350"]
[BlackElo "2165"]

1.e4 e6 2.d4 d5 3.Nc3 Bb4 4.e5 Ne7 5.a3 Bxc3+ 6.bxc3 c5 7.Qg4 Qc7 8.Qxg7 Rg8
9.Qxh7 cxd4 10.Ne2 Nbc6 11.f4 dxc3 12.Qd3 Bd7 13.Rb1 Nf5 14.Qxc3 d4 15.Qd3 O-O-O
16.Rg1 Na5 17.Rb4 Nc6 18.Rb2 Be8 19.g4 Nh4 20.Kf2 Qe7 21.g5 Nf5 22.Bg2 a6
23.Bd2 Qc5 24.Rgb1 Rd7 25.Be4 Nfe7 26.Bb4 Nxb4 27.Rxb4  1-0